<?xml version="1.0" encoding="UTF-8"?>
<collection xmlns:xsi="http://www.w3.org/2001/XMLSchema-instance" xsi:schemaLocation="http://www.loc.gov/MARC21/slim http://www.loc.gov/standards/marcxml/schema/MARC21slim.xsd" xmlns="http://www.loc.gov/MARC21/slim">
 <record>
  <leader>00000caa a22000003i 4500</leader>
  <controlfield tag="001">UP-1685594773861985449</controlfield>
  <controlfield tag="003">Buklod</controlfield>
  <controlfield tag="005">20150204092711.0</controlfield>
  <controlfield tag="006">g||| |     ||   ||</controlfield>
  <controlfield tag="007">ta</controlfield>
  <controlfield tag="008">160616s2010    xx      r    |||| u|eng d</controlfield>
  <datafield tag="035" ind1=" " ind2=" ">
   <subfield code="a">(iLib)UPBAG-00016088001</subfield>
  </datafield>
  <datafield tag="040" ind1=" " ind2=" ">
   <subfield code="d">BAG</subfield>
   <subfield code="e">rda</subfield>
  </datafield>
  <datafield tag="041" ind1="0" ind2=" ">
   <subfield code="a">eng</subfield>
  </datafield>
  <datafield tag="090" ind1=" " ind2="0">
   <subfield code="a">Circulation-Monograph</subfield>
  </datafield>
  <datafield tag="100" ind1="1" ind2=" ">
   <subfield code="a">Young, Steven G.</subfield>
   <subfield code="e">author.</subfield>
  </datafield>
  <datafield tag="245" ind1="1" ind2="0">
   <subfield code="a">When do own-group biases in face recognition occur?</subfield>
   <subfield code="b">encoding versus post-encoding</subfield>
   <subfield code="c">Steven G. Young, Micahel J. Bernstein, and Kurt Hugenberg.</subfield>
  </datafield>
  <datafield tag="264" ind1=" " ind2="1">
   <subfield code="c">©2010.</subfield>
  </datafield>
  <datafield tag="300" ind1=" " ind2=" ">
   <subfield code="a">11 leaves</subfield>
   <subfield code="b">illustrations</subfield>
   <subfield code="c">28 cm</subfield>
  </datafield>
  <datafield tag="504" ind1=" " ind2=" ">
   <subfield code="a">Includes bibliographical references.</subfield>
  </datafield>
  <datafield tag="520" ind1=" " ind2=" ">
   <subfield code="a">The Own-Group Bias in face recognition (the tendency to better recognize members of in-groups relative to out-groups) is a well-documented phenomenon in face perception. Although several theoretical models have been proposed to explain this robust phenomenon, no research directly addresses whether Own Group Biases occur during encoding, or occur post-encoding. Two experiments find that manipulations shown to improve other-group recognition (Experiments 1) and debilitate own-group recognition (Experiment 2) exert effects on face memory only when implemented prior to face encoding, but have no effect on recognition when administered post-encoding. Taken together, these data suggest that OGBs occur at encoding, rather than post-encoding. The theoretical and applied implications of these findings are discussed.</subfield>
  </datafield>
  <datafield tag="650" ind1=" " ind2="0">
   <subfield code="a">Face perception.</subfield>
  </datafield>
  <datafield tag="700" ind1="1" ind2=" ">
   <subfield code="a">Bernstein, Micahel J.</subfield>
   <subfield code="e">author.</subfield>
  </datafield>
  <datafield tag="700" ind1="1" ind2=" ">
   <subfield code="a">Hugenberg, Kurt</subfield>
   <subfield code="e">author.</subfield>
  </datafield>
  <datafield tag="773" ind1="0" ind2=" ">
   <subfield code="a">Social Cognition</subfield>
   <subfield code="o">Vol.28, No.2</subfield>
   <subfield code="d">(2010) : pages 240-250.</subfield>
  </datafield>
  <datafield tag="905" ind1=" " ind2=" ">
   <subfield code="a">FO</subfield>
  </datafield>
  <datafield tag="852" ind1="0" ind2=" ">
   <subfield code="a">UPBAG</subfield>
   <subfield code="b">UPBAG-MAIN</subfield>
   <subfield code="h">Circulation-Monograph</subfield>
  </datafield>
  <datafield tag="942" ind1=" " ind2=" ">
   <subfield code="a">Analytics</subfield>
  </datafield>
 </record>
</collection>
